000 nam a22 a 4500
999 _c1081
_d1081
003 AKMAL
005 20170508122701.0
008 170508s2007 my | e | 000 0 may d
020 _a9677010573 (2007) (kkt.) :
_cRM15.00
020 _a9789677010574 (kkt.)
040 _aAKMAL
082 0 4 _a343.595056 MAL
_222
090 0 0 _a343.595056
_bMAL
100 1 _aMalaysia
_9417
245 1 0 _aAkta Zon Bebas dan Peraturan-peraturan AKTA 438 :
_bsemua pindaan hingga Mei, 2007 /
_cdisusun semula oleh Penasihat Undang-Undang MDC
260 _aKuala Lumpur :
_bMDC Publishers,
_c2007
300 _aiii, 64ms. ;
_c26cm.
490 1 _aUndang-undang Malaysia
500 _aTajuk Muka Depan - Akta Zon Bebas, Peraturan-Peraturan Zon Bebas, Pemberitahuan Zon Bebas ( Kawasan Yang Diisytiharkan)
500 _aCetakan Kedua 2007
650 1 0 _aFree ports and zones
_xLaw and legislation
_zMalaysia
_92242
650 2 0 _aSales tax
_xLaw and legislation
_zMalaysia
_9621
650 2 0 _aCustom administration
_xLaw and legislation
_zMalaysia
_92243
710 2 _aPenasihat Undang-Undang MDC
_9405
830 0 _aUNDANG-UNDANG MALAYSIA
_92258
942 _2ddc
_cBOOK
950 _lAKMAL